000 00496nab a2200145Ia 4500
003 ES-SlBCS
005 20210601124156.0
008 140529s1977 xxu||||| |||| 00| 0 eng d
041 _aeng
100 1 _aNoren, Stephen J.
_9136877
245 0 0 _aMicro-Reduction, Scientific Realism and the Mind-Body Problem
_c Stephen J. Noren
650 0 4 _aSentido Común-Ciencia
_9136878
773 0 _tCritica (Revista Hispano Americana de Filosofia)
_gvol. 9, nº. 25, 1977, págs. 73-88
_wRev1514
942 _cAR
999 _c510539
_d510539